| Record ID | ia:weightofworlds00coxg |
| Source | Internet Archive |
| Download MARC XML | https://archive.org/download/weightofworlds00coxg/weightofworlds00coxg_marc.xml |
| Download MARC binary | https://www.archive.org/download/weightofworlds00coxg/weightofworlds00coxg_meta.mrc |
LEADER: 02864cam 2200565Ia 4500
001 ocn832591893
003 OCoLC
005 20190123160732.0
008 130228s2013 nyu 000 1 eng d
010 $a 2013656882
040 $aSRC$beng$cSRC$dIUK$dGPI$dIK6$dDLC$dOCLCF$dOCLCQ$dCNPAR$dTOH$dBDX$dCCP$dBYV$dOCL$dRCL$dUKMGB
015 $aGBB2C8088$2bnb
016 7 $a016234038$2Uk
019 $a826457197$a864560060$a1000127498
020 $a9781476702834$q(pbk.)
020 $a1476702837$q(pbk.)
020 $a9781501146312
020 $a1501146319
020 $z9781476702858 (ebook)
035 $a(OCoLC)832591893$z(OCoLC)826457197$z(OCoLC)864560060$z(OCoLC)1000127498
050 14 $aPS3603.O9$bW45 2013
082 04 $a813/.6$223
084 $aFIC028000$aFIC028010$aFIC021000$2bisacsh
100 1 $aCox, Greg,$d1959-
245 14 $aThe weight of worlds /$cGreg Cox.
250 $a1st Pocket books pbk. ed.
260 $aNew York :$bPocket Books,$c2013.
300 $a342 pages ;$c18 cm.
336 $atext$btxt$2rdacontent
337 $aunmediated$bn$2rdamedia
338 $avolume$bnc$2rdacarrier
490 1 $aStar trek, the original series
500 $a"Based upon Star Trek created by Gene Roddenberry."
520 $aThe Ephrata Institute is an intellectual think tank at the outer fringes of the final frontier. Dedicated to the arts and sciences, the Institute seems an unlikely target for an invasion, but it proves easy pickings when the Crusade comes from beyond, determined to impose its harsh, unbending Truth on all the worlds of the Federation. Armed with weaponized gravity, the alien Crusaders will stop at nothing to rescue the universe from its myriad beliefs ... even if it means warping the mind and soul of every sentient being they encounter. Responding to an urgent distress signal, Captain James T. Kirk and the crew of the U.S.S. Enterprise soon find themselves in conflict with the Crusade, and facing individual challenges. When Kirk and Spock are transported to the Crusade's distant homeland to confront the source of the invasion, Sulu finds himself trapped behind enemy lines, while Lieutenant Uhura is faced with possibly the most difficult decision of her career.--From back cover.
650 0 $aStar Trek fiction.
650 7 $aStar Trek fiction.$2fast$0(OCoLC)fst01131555
655 7 $aScience fiction.$2fast$0(OCoLC)fst01726489
655 7 $aScience fiction.$2gsafd
655 7 $aScience fiction.$2lcgft
655 4 $aStar Trek fiction.
655 4 $aScience fiction.
700 1 $aRoddenberry, Gene.
830 0 $aStar trek, the original series.
938 $aBrodart$bBROD$n103424318
029 1 $aAU@$b000050864708
029 1 $aNZ1$b14885590
029 1 $aAU@$b000057621058
029 1 $aUKMGB$b016234038
994 $aZ0$bP4A
948 $hNO HOLDINGS IN P4A - 146 OTHER HOLDINGS